| 000 | 01102cam a22002897a 4500 | ||
|---|---|---|---|
| 003 | CHAP | ||
| 005 | 20220329142343.0 | ||
| 008 | 000913d1992 cf r 00110 eng d | ||
| 010 | _a82217 | ||
| 011 | _a83189 | ||
| 020 | _a929059103X | ||
| 035 | _a93700 | ||
| 040 | _cCHAP | ||
| 090 | _aFolleto 15502 | ||
| 100 | 0 | 0 |
_aTery, E. _ecomp. _9112454 |
| 245 | 1 | 0 |
_aStrengthening research partnership in sub-Saharan Africa : _breport of a round-table dialogue between the leaders of National Agricultural Research Systems and the directors general of International Agricultural Centres _c/comp. by E. Terry and D. Brett |
| 260 |
_aThe Hage, Netherlands : _bInternational Service for National Agricultural Research, _c1992. |
||
| 300 |
_a58 p. : _bcuadros |
||
| 590 |
_aBATCH-UPD _b10 _c20130110 _lUCH01 _h0636 |
||
| 590 |
_aBATCH-UPD _b10 _c20130410 _lUCH01 _h0319 |
||
| 590 |
_aCONVERSION _b10 _c20130109 _lUCH01 _h1346 |
||
| 650 | 1 | 4 |
_aAgricultura _xInvestigacion _xAfrica. _91578 |
| 901 | _aBK | ||
| 905 | _aMayto Villalobos S. | ||
| 942 | _cFOLL | ||
| 949 |
_aFolleto 15502 _bBC _cFOLL _d937001 _eTS1 _i93700 _sb |
||
| 999 |
_c82217 _d82217 |
||